Longest countries from East to West - Statistics

General Stats
  • This quiz has been taken 20 times
  • The average score is 14 of 15
Answer Stats
Hint Answer % Correct
4,000 km Australia
100%
5,514 km Canada
100%
5,220 km China
100%
10,000 km Russia
100%
4,500 km United states
100%
4,395 km Brazil
94%
1,800 km DR Congo
94%
3,000 km Kazakhstan
94%
2,392 km Mongolia
94%
2,933 km India
88%
2,000 km Saudi Arabia
88%
5,120 km Indonesia
82%
1,900 km Mexico
82%
2,250 km Iran
76%
1,700 km Sudan
59%
No matching quizzes found
Score Distribution
Percent of People with Each Score
Percentile by Number Answered
Your Score History
You have not taken this quiz